000 00541nam a2200157 4500
999 _c6705
_d6705
008 170426b xxu||||| |||| 00| 0 eng d
022 _a0119-9000
082 _aDPer 641.505 C77 Jan-June 2013 v.13-14
100 _920301
_aBibit, Remia.
245 _aVicky Gaetos grills burger:
_byour kid won't know they are green/
_cRemia Bibit.
260 _aPhilippines:
_bUBM Medica,
_c©Jan-June 2013.
300 _av13 n10, pages 36-37:
_billustrations;
_c29 cm.
500 _aCook.
650 0 _920302
_aFood
_xOrganic
942 _2ddc
_cPER